| 000 | 00493nam a22001577a 4500 | ||
|---|---|---|---|
| 020 | _a139788175980624 | ||
| 040 | _cNUST | ||
| 082 |
_a604.2 _bPAR |
||
| 100 |
_aParkinson, A.C _940152 |
||
| 110 |
_aCurrie,J.H _9123894 |
||
| 245 |
_aA First Year Engneering Drawing: _bCovering The First Year National Certificate in Mechanical Engneering |
||
| 250 | _aSixth Edition | ||
| 260 |
_aIndia: _bSterling Book House, _c2006. |
||
| 650 |
_aA First Year Engneering Drawing: _9123895 |
||
| 942 |
_2ddc _cBK |
||
| 999 |
_c609921 _d609921 |
||